| 000 | 00741nam a2200265 a 4500 | ||
|---|---|---|---|
| 999 |
_c4824 _d4824 |
||
| 001 | 4824 | ||
| 003 | BD-JhCC | ||
| 005 | 20220814134022.0 | ||
| 008 | 880808s1966 nju b 001 0 eng d | ||
| 035 | _a(BD-JhCC)4824 | ||
| 040 |
_aDLC _cDLC _dm.c _dBD-JhCC |
||
| 041 | _aeng | ||
| 082 |
_a327.174 _bKNO 1966 |
||
| 100 | 1 |
_aKnorr, Klaus, _d1911-1990 |
|
| 245 | 1 | 0 |
_aOn the uses of military power in the nuclear age / _cby Klaus Knorr |
| 260 |
_aPrinceton, N.J : _bPrinceton University Press, _c1966. |
||
| 300 |
_ax, 185 p. ; _c21 cm |
||
| 500 | _aIncludes Index. | ||
| 504 | _aBibliographical footnotes | ||
| 650 | 0 | _aMilitary policy | |
| 650 | 0 | _aNuclear weapons | |
| 650 | 0 | _aWorld Politics | |
| 942 |
_2ddc _cBK _01 |
||